Guess the Fusion Rock Song Lyrics #325 - Statistics

General Stats
  • This quiz has been taken 13 times
  • The average score is 308 of 481
Answer Stats
Answers % Correct
a
100%
do
100%
I
100%
love
100%
me
100%
My
100%
my
100%
you
100%
You
100%
your
100%
be
91%
But
91%
can
91%
can't
91%
go
91%
he
91%
in
91%
is
91%
Is
91%
it
91%
just
91%
Just
91%
No
91%
no
91%
on
91%
that
91%
the
91%
to
91%
us
91%
We
91%
we
91%
when
91%
And
82%
and
82%
don't
82%
Don't
82%
every
82%
for
82%
like
82%
loved
82%
man
82%
more
82%
now
82%
Say
82%
Tell
82%
this
82%
with
82%
all
73%
from
73%
gone
73%
heart
73%
him
73%
It's
73%
it's
73%
of
73%
up
73%
want
73%
won't
73%
about
64%
another
64%
feeling
64%
Get
64%
get
64%
had
64%
here
64%
If
64%
I've
64%
left
64%
life
64%
look
64%
nothing
64%
Nothing
64%
other
64%
out
64%
over
64%
Over
64%
There's
64%
think
64%
turned
64%
always
55%
his
55%
move
55%
right
55%
she's
55%
tear
55%
tears
55%
That's
55%
we've
55%
After
45%
Ah
45%
ah
45%
eye
45%
I'd
45%
these
45%
you've
45%
find
36%
gotta
36%
lover
36%
put
36%
show
36%
years
36%
apart
27%
chance
27%
door
27%
end
27%
enough
27%
Enough
27%
hey
27%
light
27%
shout
27%
Tearing
27%
waste
27%
Barbara Streisand and Donna Summer
18%
choice
18%
dreamed
18%
fill
18%
listen
18%
moon
18%
perfect
18%
pouring
18%
Pouring
18%
raining
18%
Raining
18%
romance
18%
sign
18%
stand
18%
start
18%
talk
18%
twice
18%
bill
9%
boring
9%
check
9%
clearly
9%
Goodbye
9%
goodbye
9%
mister
9%
Pack
9%
pay
9%
pretend
9%
raincoat
9%
reached
9%
simply
9%
spell
9%
stardust
9%
stuff
9%
sugar
9%
sunshine
9%
Nol
0%
No matching quizzes found
Score Distribution
Percent of People with Each Score
Percentile by Number Answered
Your Score History
You have not taken this quiz